[Event "Regionalliga NW 9596"]
[Site "Bayern"]
[Date "1996.??.??"]
[Round "?"]
[White "Vogt, Thomas"]
[Black "Maatz, Andreas"]
[Result "1/2-1/2"]
[WhiteElo "1965"]
[BlackElo "2020"]
[PlyCount "152"]
[EventDate "1995.10.??"]
[EventType "team-tourn"]
[EventRounds "9"]
[EventCountry "GER"]
[SourceTitle "EXT 1999"]
[Source "ChessBase"]
[SourceDate "1998.11.16"]
[SourceVersion "1"]
[SourceVersionDate "1998.11.16"]
[SourceQuality "1"]
[WhiteTeam "Wuerzburg II"]
[BlackTeam "Schweinfurt Fr"]
[WhiteTeamCountry "GER"]
[BlackTeamCountry "GER"]

1. e4 e5 2. Nf3 Nc6 3. Bb5 d6 4. d4 exd4 5. Nxd4 Bd7 6. Nc3 Nf6 7. 0-0 Be7 8. Re1 0-0 9. Nxc6 bxc6 10. Ba4 Ng4 11. h3 Ne5 12. Bf4 Ng6 13. Bg3 f5 14. Bb3+ Kh8 15. exf5 Bxf5 16. Be6 d5 17. Qh5 Bxe6 18. Rxe6 Rf6 19. Rae1 Bc5 20. Na4 Bd6 21. Qe2 Qf8 22. Rxf6 Qxf6 23. Qe6 Rf8 24. Qxf6 Rxf6 25. Re8+ Rf8 26. Re6 Nf4 27. Bxf4 Rxf4 28. Nc3 Kg8 29. Ne2 Rb4 30. b3 c5 31. c3 Rh4 32. Kf1 d4 33. cxd4 cxd4 34. Nc1 Kf7 35. Re1 Rh5 36. Nd3 a5 37. Re4 a4 38. Rxd4 axb3 39. axb3 Ra5 40. Ke2 Ra3 41. b4 Ke6 42. Kd2 Ra2+ 43. Ke3 Ra3 44. Ke4 Rc3 45. g3 c5 46. bxc5 Bxc5 47. Nf4+ Kf7 48. Rd7+ Kg8 49. Rc7 Bb4 50. Rxc3 Bxc3 51. Kf5 Kf7 52. Nd3 g6+ 53. Kg4 Kf6 54. Nc5 Bd4 55. Nd3 Bc3 56. f4 h6 57. Kf3 h5 58. Nc5 Be1 59. Ne4+ Ke6 60. g4 hxg4+ 61. hxg4 Ba5 62. Ng5+ Kf6 63. Ke4 Bd2 64. Nf3 Bc1 65. Ne5 Bd2 66. Nc4 Bc1 67. Ne3 Ke6 68. g5 Kf7 69. Ng4 Bd2 70. Ne5+ Kg7 71. Nd3 Kf7 72. Kd5 Be3 73. Ne5+ Kg7 74. Nd3 Bd2 75. Ke6 Be3 76. Ke5 Bd2 1/2-1/2